000 00486nab a2200145Ia 4500
003 ES-SlBCS
005 20210601124318.0
008 140529s1988 xxu||||| |||| 00| 0 eng d
041 _aeng
100 1 _aMurphy, John W.
_950101
245 0 0 _aComputerization, Postmodern Epistemology, and Reading in the Postmodern Era
_c John W. Murphy
650 0 4 _aComputarización-Epistemología
_9139583
773 0 _tEducational Theory
_gvol. 38, nº. 2, 1988, págs. 175-182
_wRev1399
942 _cAR
999 _c512753
_d512753